| 000 | 00870nam a2200241 a 4500 | ||
|---|---|---|---|
| 001 | BRCA_3126 | ||
| 005 | 20190320204125.0 | ||
| 008 | 290109s2008----ne-a---###---#000-0#spa-# | ||
| 020 | _a9789053306253 | ||
| 041 | _aspa | ||
| 044 | _ane | ||
| 050 | 4 |
_aTR820 _b.W67 2008 |
|
| 245 | 1 | 0 |
_aWorld Press Photo 08 _ceditor Kari Lundelin ; traducción Silvana Laguardia. |
| 260 |
_aÁmsterdam _bFundación World Press Photo _c2008 |
||
| 300 |
_a155 p. _bil. (algunas a color) _c30 cm. |
||
| 500 | _aCatálogo de la exposición realizada en el Museo Franz Mayer (Ciudad de México), 8 octubre - 9 noviembre, 2008 | ||
| 500 | _aIncluye lista de países participantes | ||
| 650 | 1 | 4 |
_aFotoperiodismo _vExposiciones _xPremios _95406 |
| 650 | 1 | 4 |
_aFotografía _vExposiciones _xPremios _95407 |
| 700 | 1 |
_aLundelin, Kari _98486 |
|
| 700 | 1 |
_aLaguardia, Silvana _95408 |
|
| 942 |
_2lcc _cB |
||
| 999 |
_c2862 _d2862 |
||